| 000 | 00739nam a2200265Ia 4500 | ||
|---|---|---|---|
| 003 | OSt | ||
| 005 | 20221006143810.0 | ||
| 006 | a|||||r|||| 00| 0 | ||
| 007 | ta | ||
| 008 | 221006b |||||||| |||| 00| 0 eng d | ||
| 024 | _a10,008 | ||
| 037 |
_bGift, Japan Foundation _cTextual |
||
| 040 |
_aEASL _cEASL _beng |
||
| 041 |
_2eng _aeng |
||
| 082 | _aQ8421, N2 | ||
| 100 |
_aONO Sokyo _9650415 |
||
| 245 | 0 |
_aShinto _b The kami way |
|
| 260 |
_aTokyo _bCharles E. Tuttle Japan _c1992 |
||
| 300 |
_a116p. _ccm. |
||
| 490 | _v JEL | ||
| 650 | _aJEL | ||
| 700 |
_a WOODARD William P Co. _9650416 |
||
| 942 |
_hQ8421, N2 _cTEXL _2CC |
||
| 999 |
_c1078094 _d1078094 |
||